000 00468nam a2200181Ia 4500
003 GCL
008 140319s9999 xx 000 0 ara d
040 _aGCL /
_cGCL
082 0 4 _a181
_bع ب
100 1 _aعلى ادهم
245 1 0 _aبين الفلسفة والادب /
_cعلى ادهم
490 _a
650 0 4 _aالفلسفة
650 0 4 _aالادب
650 0 4 _aابوالعلاء المعرى
650 0 4 _aتولستوى, ليو
942 _2ddc
_cBK
999 _c40991
_d40991